| 000 | 00775cab a2200265 4500 | ||
|---|---|---|---|
| 001 | WB2706-37 | ||
| 008 | 090401t1991 xxu||||| |||| 00| 0 eng d | ||
| 035 | _a(Sirsi) u2288 | ||
| 041 | _aeng | ||
| 245 | _aWhat price your home? | ||
| 260 | _c1991 | ||
| 350 | _a0 | ||
| 490 |
_aDaily Express _v4/2/91 p19 |
||
| 520 | _aCompares the main six house price survey `s results for 1990 showing a wide degree of diversity and explaining why this might happen. | ||
| 650 | _aADAMS | ||
| 650 | _aBUILDING SOCIETIES ASSOCIATION | ||
| 650 | _aHALIFAX | ||
| 650 | _aHOUSING MARKET SURVEYS | ||
| 650 | _aLEEDS | ||
| 650 | _aNATIONWIDE ANGLIA | ||
| 650 | _aRICS | ||
| 690 | _aPROPERTY-RESIDENTIAL PROPERTY-RESIDENTIAL PROPERTY MARKET | ||
| 942 | _n0 | ||
| 948 | _c04/03/1997 | ||
| 999 |
_c1382 _d1382 |
||